000 00826cab a2200277 4500
001 ABS56347
008 090401t1996 xxu||||| |||| 00| 0 eng d
035 _a(Sirsi) u23026
041 _aeng
100 _aCatt, R.
245 _aSurveyors in dark on current affairs
260 _c1996
350 _a0
490 _aProperty Week
_v57(11) 13 December 1996, 21(1)
520 _aLooks at the risks associated with electromagnetic fields and also by implication the harm to property values.
650 _aELECTROMAGNETIC FIELDS
650 _aHEALTH HAZARDS
650 _aNEW RED BOOK
650 _aOVERHEAD CABLES
650 _aPOWER LINES
650 _aRICS APPRAISAL AND VALUATION MANUAL
650 _aVALUATION ISSUES
690 _aENVIRONMENTAL AND LAND CONSULTANCY
942 _n0
948 _c04/03/1997
999 _c15432
_d15432